Library Banner

Shargel and Yu's applied biopharmaceutics and pharmacokinetics / (Record no. 133135)

MARC details
000 -LEADER
fixed length control field 00574nam a22001937a 4500
005 - DATE AND TIME OF LATEST TRANSACTION
control field 20240116090001.0
008 - FIXED-LENGTH DATA ELEMENTS--GENERAL INFORMATION
fixed length control field 240116b ||||| |||| 00| 0 eng d
020 ## - INTERNATIONAL STANDARD BOOK NUMBER
International Standard Book Number 9781260469608
040 ## - CATALOGING SOURCE
Transcribing agency PK-LaUMT
082 ## - DEWEY DECIMAL CLASSIFICATION NUMBER
Classification number 615.7
Item number SHA-
245 ## - TITLE STATEMENT
Title Shargel and Yu's applied biopharmaceutics and pharmacokinetics /
Statement of responsibility, etc edited by Murray P. Ducharme and Leon Shargel
250 ## - EDITION STATEMENT
Edition statement 8th ed.
260 ## - PUBLICATION, DISTRIBUTION, ETC. (IMPRINT)
Place of publication, distribution, etc New York :
Name of publisher, distributor, etc McGraw-Hill,
Date of publication, distribution, etc 2022
300 ## - PHYSICAL DESCRIPTION
Extent 1009 p.
650 ## - SUBJECT ADDED ENTRY--TOPICAL TERM
Topical term or geographic name as entry element Pharmacokinetics
650 ## - SUBJECT ADDED ENTRY--TOPICAL TERM
Topical term or geographic name as entry element Biopharmaceutics
650 ## - SUBJECT ADDED ENTRY--TOPICAL TERM
Topical term or geographic name as entry element |Drug administration routes
942 ## - ADDED ENTRY ELEMENTS (KOHA)
Koha item type Books
Holdings
Withdrawn status Lost status Damaged status Home library Current library Date acquired Full call number Barcode Date last seen Price effective from Koha item type Copy number
      UMT Health Sciences Campus UMT Health Sciences Campus 2024-01-16 615.7 SHA- 146476 2026-04-20 2024-01-16 Books  
      UMT Health Sciences Campus UMT Health Sciences Campus 2024-01-16 615.7 SHA- 146477 2026-06-18 2024-01-16 Books C.2
      UMT Health Sciences Campus UMT Health Sciences Campus 2024-01-16 615.7 SHA- 146478 2026-06-04 2024-01-16 Books C.3
      UMT Health Sciences Campus UMT Health Sciences Campus 2024-12-04 615.7 SHA- 148087 2026-06-08 2024-12-04 Books C.4